| 000 | 00503nam a2200133Ia 4500 | ||
|---|---|---|---|
| 008 | 170419s9999 xx 000 0 und d | ||
| 100 | _aDeVon, Holli A. | ||
| 245 | _aEngaging members and partner organizations in translating a nursing science agenda | ||
| 245 | _cHolli A. Devon, Marti Rice, Rita H. Pickler, Cheryl A. Krause-Parello, Patricia Eckardt, Elizabeth Corwin, Therese S. Richmond | ||
| 260 | _bElsevier | ||
| 260 | _c2016 | ||
| 300 | _aSeptember/November | ||
| 440 |
_aNursing Outlook _v64:5 |
||
| 999 |
_c329486 _d329486 |
||